Sports Quiz

Random Sports or NCAA Quiz

Big 12 School Map Quiz Stats

Quiz Updated Aug 6, 2015

Also try: Big Ten School Map
Challenge
Share
Tweet
Score 0/10 Timer 02:00
2 Plays Today
% Correct
Texas
92.8%
Oklahoma
91.6%
Oklahoma State
90.1%
Kansas
88.1%
Kansas State
87.1%
Iowa State
83.8%
Baylor
83.1%
Texas Tech
82%
West Virginia
79.9%
Texas Christian
79.5%

You're not logged in!

Compare scores with friends on all Sporcle quizzes.
Sign Up with Email
OR
Log In

You Might Also Like...

Show Comments

Extras

Top Quizzes Today


Score Distribution

Your Account Isn't Verified!

In order to create a playlist on Sporcle, you need to verify the email address you used during registration. Go to your Sporcle Settings to finish the process.